01402 a2200205 45000010006000000050017000060080041000230030015000640400040000790800056001192450018001750200018001932500012002112640032002233000024002555050766002791000023010457000031010688560097010991599920260407155452.0260407a1991 arg spa dAR-UNSa-BCEJYS aAR-UNSa-BCEJYSbspacAR-UNSa-BCEJYS a519.2xProbabilidades y estadística matemática 10aEstadística a84-7615-562-X a2a. ed. 1aMadrid :bMcGraw-Hillc1991 axii, 556 p.c24 cm. a1. Variables y gráficos - 2. Distribuciones de frecuencias - 3. Media, mediana, moda y otras medidas de tendencia central - 4. La desviación típica y otras medidas de dispersion - 5. Momentos, sesgo y curtosis - 6. Teoría elemental de probabilidades - 7. Las distribuciones binomial, normal y de poisson - 8. Teoría elemental del muestreo - 9. Teoría de la estimación estadística - 10. Teoría estadística de las decisiones - 11. Teoría de pequeñas muestras - 12. Test Ji-cuadrado - 13. Ajuste de curvas y el método de minimos cuadrados - 14. Teoría de la correlación - 15. Correlación multiple y parcial - 16. Análisis de varianza - 17. Contrastes no parametricos - 18. Análisis de series en el tiempo - 19. Número índice1 aSpiegel, Murray R.1 aHernandez Heredero, Rafael41uhttps://www.biblioeco.unsa.edu.ar/pmb/images/libros/15999.jpgyImagen de portadaqimage/jpeg